| 000 | 00000nam##2200000za#4500 |
| 001 | 9.615608 |
| 003 | CaOODSP |
| 005 | 20210615101211 |
| 007 | ta |
| 008 | 150406|2001||||xxc||||| f|0| 0 eng|d |
| 040 | |aCaOODSP|beng |
| 043 | |an-cn--- |
| 086 | 1 |aH113-1/28-2000E |
| 110 | 1 |aCanada. |bPest Management Regulatory Agency. |
| 245 | 10|aCommon lawn problems |
| 260 | |aOttawa - Ontario : |bHealth Canada. |c2001. |
| 300 | |a1 folded sheet. : |billus. ; |c22 cm. |
| 490 | 1 |aPest note |
| 563 | |aPamphlet |
| 590 | |a01-43|b2001-10-26 |
| 690 | 07|aMaintenance|2gcpds |
| 775 | 08|tLes problèmes typiques d'une pelouse |w(CaOODSP)9.625661 |
| 776 | 0#|tCommon lawn problems |w(CaOODSP)9.572572 |
| 830 | #0|aPest note.|w(CaOODSP)9.514697 |